| 000 | 01031nam a2200241 a 4500 | ||
|---|---|---|---|
| 001 | 39671 | ||
| 003 | BD-RjUL | ||
| 005 | 20211209053034.0 | ||
| 008 | 160416r20102003bg ||||| |||| 00| 0 ben d | ||
| 020 |
_a9789845870047 _c: TK. 400.00 |
||
| 035 | _a(BD-RjUL)39784 | ||
| 040 |
_aBD-RjUL _bben _cBD-RjUL |
||
| 041 | _aben | ||
| 082 |
_223 _a398.209 _bFOL 2010 |
||
| 245 | 0 | 0 |
_aফোকলোর : _bলোকসংস্কৃতির কথকতা / _cসম্পাদনা আনোয়ারুল করীম |
| 260 |
_aঢাকা : _bবর্নায়ন, _c২০০৩ [মুদ্রণ ২০১০] |
||
| 300 |
_a২০, ৪২৮ পৃ. ; _c২১ সেমি. |
||
| 500 | _aতথ্যনির্দেশ সংযুক্ত | ||
| 650 |
_aফোক সাহিত্য _xইতিহাস ও সমালোচনা _9122187 |
||
| 650 |
_aFolk Literature _xHistory and Criticism _9122188 |
||
| 700 |
_aকরীম, আনোয়ারুল, সম্পাদক _9122189 |
||
| 942 |
_2ddc _cBK |
||
| 999 |
_c39671 _d39671 |
||